Limit theorems for the Riemann zeta-function /

Guardado en:
Autor Principal: Laurincikas, Antanas.
Formato: Libro
Idioma:English
Publicado: Dordrecht ; Boston : Kluwer Academic, c1996.
Series:Mathematics and its applications (Kluwer Academic Publishers) ; v. 352.
Materias:
Acceso en línea:Publisher description
Etiquetas: Agregar Etiqueta
Sin Etiquetas, Sea el primero en etiquetar este registro!
LEADER 01602pam a2200265 a 4500
001 MAT.inmabb006736
008 950925s1996####ne#######b####001#0#eng##
005 20121108172750.0
245 1 0 |a Limit theorems for the Riemann zeta-function /  |c by Antanas Laurincikas. 
260 |a Dordrecht ;  |a Boston :  |b Kluwer Academic,  |c c1996. 
300 |a xiii, 297 p. ;  |c 25 cm. 
490 1 |a Mathematics and its applications ;  |v v. 352 
504 |a Incluye referencias bibliográficas (p. 286-290) e índice. 
505 0 |a 1. Elements of the probability theory -- 2. Dirichlet series and Dirichlet polynomials -- 3. Limit theorems for the modulus of the Riemann zeta-function -- 4. Limit theorems for the Riemann zeta-function on the complex plane -- 5. Limit theorems for the Riemann zeta-function in the space of analytic functions -- 6. Universality theorem for the Riemann zeta-function -- 7. Limit theorem for the Riemann zeta-function in the space of continuous functions -- 8. Limit theorems for Dirichlet L-functions -- 9. Limit theorem for the Dirichlet series with multiplicative coefficients. 
510 4 |a MR,  |c 96m:11070 
020 |a 0792338243 (hb : acid-free paper) 
100 1 |a Laurincikas, Antanas. 
830 0 |a Mathematics and its applications (Kluwer Academic Publishers) ;  |v v. 352. 
650 0 |a Functions, Zeta. 
650 0 |a Limit theorems (Probability theory) 
084 |a 11M06 (11-02)  |2 msc2000 
010 |a  95044157  
040 |a DLC  |c DLC  |d DLC 
856 4 2 |3 Publisher description  |u http://www.loc.gov/catdir/enhancements/fy0822/95044157-d.html 
859 |h 11  |i L385  |p A-8783  |b BIB. MATEMATICA